000 00514nam a2200217 a 4500
999 _c4181
_d4181
001 4181
003 BD-JhCC
005 20171123192628.0
008 171123s1965 ||||| |||| 00| 0 eng d
035 _a(BD-JhCC)
040 _aBD-JhCC
_dBD-JhCC
041 _aeng
082 _a823.8
_bGRE 1965
100 _aGreen, Margery
245 _aJANE EYRE /
_cMargery Green
260 _aLondon :
_bMacmillan & co ltd,
_c1965
300 _a162 p. :
_c18cm.
650 _aStories
942 _2ddc
_cBK